000 01443cab a2200205 4500
001 ABS37585
008 090401t1987 xxu||||| |||| 00| 0 eng d
035 _a(Sirsi) u5381
041 _aeng
245 _aWindows and glazing
260 _c1987
350 _a0
490 _aArchitects` Journal
_vFocus 1 (1) April 1987, 5-67 (23)
520 _aThe first issue of AJ Focus, the replacement for "Products in Practice" examines in detail windows and glazing . Commences with a case study in which R.Wilcock looks at the construction of the curtain glass walling at Blackburn leisure centre and an entrance canopy which uses a standard glazing system at the Holywell Sports Centre ; S.le Roith describes how his team chose the glass for the Lloyd`s building in the City of London; B.Keyworth describes improvements in timber windows and D.Button advises on glass specification with a table detailing characteristics of different windows; the design data section analyses in tabular form the basic types of glass used in construction, the types and performance of solar control glass and sizes for sealed double glazed units ; a comparison is given of life cycle costs of different windows over a 30 year period prepared by Davis Belfield and Everest ; concludes with sources of information.
650 _aCLADDING
650 _aPERFORMANCE STANDARDS
690 _aBUILT ENVIRONMENT-BUILDING MATERIALS
942 _n0
948 _c04/03/1997
999 _c3199
_d3199